Reconnaissez-vous ces avions ? (quiz-image) - Statistiques

Statistiques générales
  • Ce quiz a été pris 180 fois
  • Le résultat moyen est 13 sur 24
Statistiques - réponses
Par images Hint Réponse % Correct
Concorde
99%
Le plus grand avion de ligne au monde Airbus 380
93%
Dassault Rafale
85%
Airbus 320
82%
Boeing 747
80%
Airbus 330
78%
Boeing 777
75%
Airbus 350
73%
Airbus 400
72%
Boeing 737
72%
Northrop B-2 Spirit
69%
Boeing 787
64%
F-22 Raptor
55%
Boeing 757
53%
Boeing 767
49%
Record du monde de vitesse pour un aéronef Lockheed SR-71 Blackbird
47%
Spitfire
46%
Cessna 172
38%
Junker Ju 87
18%
Aero L-39 Albatros
12%
Gulfstream 700
12%
Premier vol Wright Flyer
6%
Beechcraft King Air 350
1%
Record du monde d'envergure pour un aéronef Stratolaunch Roc
1%
Aucun quiz correspondant
Distribution des résultats
% des personnes avec chaque résultat
Percentile par nombre de réponses
Votre historique - résultats
Vous n’avez pas pris ce quiz